000 00669nam a2200205Ii 4500
003 JO-AjNU
008 230606s9999||||xx |||||||||||||| ||und||
020 _a0-8093-1040-2
040 _aJO-AjNU
_beng
_erda
_cJO-AjNU
041 _aeng
050 1 4 _aDS36.1.M486 1985
100 3 _a edited by Thomas Naff,
_eauthor
_92976
245 0 0 _a The Middle East challenge, 1980-1985
264 3 1 _aSouthern Illinois University Press, 1985
300 _a179p
336 _atext
_btxt
_2rdacontent
337 _aunmediated
_bn
_2rdamedia
338 _avolume
_bnc
_2rdacarrier
650 4 _a Middle East -- Politics and government -- 1945- -- Addresses, essays, lectures.
_92977
999 _aE1559
_c1559
_d1559